000 00299nam a22001337a 4500
008 171010b xxu||||| |||| 00| 0 eng d
020 _a9780321006127
041 _aeng
080 _23RD
_a316
100 _a50
101 _aSOC
245 _aINTERCULTURAL COMPETENCE
_cLUSTIG,M.W
942 _2udc
_cBK
999 _c33003
_d33003